Geboren in Bern - Statistiken

Allgemein
  • Dieses Quiz wurde 22 mal gespielt
    3 seit der letzten Aktualisierung
  • Das Durchschnittsergebnis liegt bei 4 aus 19
Antwortstatistiken
Hinweis Antwort % Korrekt
Sänger, DSDS-Sieger und ESC-Teilnehmer, "Don't Think about Me" "She Got Me" 1994 Luca Hänni
67%
früherer Schweizer Nationalspieler (Freiburg, Bayern, Nürnberg) 1968 Alain Sutter
33%
Außenminister von Österreich und 2021 und 2025 vorübergehend Bundeskanzler 1969 Alexander Schallenberg
33%
Hürdenläuferin und Weltmeisterin über 100 Meter Hürden bei der Weltmeisterschaft 2025 2002 Ditaji Kambundji
33%
Milliardär und Miteigentümer des FC Chelsea 1935 Hansjörg Wyss
33%
Schriftsteller, "Der Schweizerische Robinson" 1743 Johann David Wyss
33%
Sprinterin und zweifache Europameisterin über 200 Meter 1992 Mujingba Kambundji
33%
Eishockeyspieler, Nashville Predators 1990 Roman Josi
33%
Medizinnobelpreisträger und einer der Wegbereiter der modernen Chirurgie 1841 Theodor Kocher
33%
Bundeskanzler der Schweiz seit 2024 und Vizekanzler von 2019 bis 2023 1968 Viktor Rossi
33%
Eishockeytorhüter, Vegas Golden Knights 2000 Akira Schmid
0%
Schauspielerin, bekannt für ihre Rolle als Isabelle Grandjean im Schweizer "Tatort" 1979 Anna Pieri Zuercher
0%
Teil des Teams der zweiten Besteigung des Mount Everest 1924 Ernst Schmied
0%
Teil des Teams der zweiten Besteigung des Mount Everest 1927 Jürg Marmet
0%
Radsportler, Tour de France Etappensieger und Bronzemedaillengewinner bei den Straßenweltmeisterschaften 1998 Marc Hirschi
0%
ehemaliger Eishockeynationalspieler (Montreal Canadiens, New York Islanders, Philadelphia Flyers und Pittsburgh Penguins) 1977 Mark Streit
0%
Philosoph und Schriftsteller, veröffentlichte unter dem Pseudonym Pascal Mercier den erfolgreiche Roman "Nachtzug nach Lissabon" 1944 Peter Bieri
0%
Gründer von Lindt 1855 Rodolphe Lindt
0%
Schauspielerin, "L'amour, l'argent, l'amour" "Zen for Nothing" 1975 Sabine Timoteo
0%
Keine übereinstimmenden Quizze gefunden
Verteilung der Resultate
Anzahl Personen mit jedem Resultat
Perzentil nach korrekt beantworteten Fragen
Ihre Resultats-Entwicklung
Sie haben dieses Quiz seit der letzten Aktualisierung nicht gespielt